000 00474nam a2200205 a 4500
001 3671
003 CO-ViMGA
008 141112s2004 ck r 000 u spa d
020 _a8434411091
040 _aCO-ViMGA
_bspa
_cCO-ViMGA
082 0 4 _a324.7 S181
100 1 _aSavater, Fernando
245 1 0 _aPolítica para amador
250 _a8a
260 _aBarcelona :
_bAriel,
_c1997
300 _a237 p
490 _aAriel
650 1 4 _aPolítica
_9201
942 _2ddc
_cBK
999 _c15708
_d15708